Geography Double Chain: Cities and Countries #3 - Statistics

General Stats
  • This quiz has been taken 88 times
  • The average score is 14 of 18
Answer Stats
Clue Answer % Correct
Birthplace of Mozart Austria
97%
One of the few European capitals that is majority Muslim Albania
93%
Capital of Africa's largest country since 2011 Algeria
93%
Capital of Africa's largest country since 2011 Algiers
93%
Second city of Queensland Australia
92%
Europe's highest elevation capital city Andorra
90%
One of the few European capitals that is majority Muslim Tirana
88%
Birthplace of Mozart Salzburg
86%
Named for a nearby peak said to be the resting place of Noah's Ark Ararat
84%
Europe's highest elevation capital city Andorra la Vella
82%
Named for a nearby peak said to be the resting place of Noah's Ark Armenia
77%
Biggest Lusophone city outside Brazil Angola
71%
Biggest Lusophone city outside Brazil Luanda
64%
Capital roughly 95 km from Basseterre, and 125 km from Basse-Terre Antigua and Barbuda
63%
Capital roughly 95 km from Basseterre, and 125 km from Basse-Terre Saint John's
56%
City for which the surrounding Tandilia System of mountains is named Argentina
55%
Second city of Queensland Gold Coast
45%
City for which the surrounding Tandilia System of mountains is named Tandil
25%
No matching quizzes found
Score Distribution
Percent of People with Each Score
Percentile by Number Answered
Your Score History
You have not taken this quiz